<?xml version="1.0" encoding="UTF-8"?>
<record
    xmlns:xsi="http://www.w3.org/2001/XMLSchema-instance"
    xsi:schemaLocation="http://www.loc.gov/MARC21/slim http://www.loc.gov/standards/marcxml/schema/MARC21slim.xsd"
    xmlns="http://www.loc.gov/MARC21/slim">

  <leader>01173cam a2200349 a 4500</leader>
  <datafield tag="999" ind1=" " ind2=" ">
    <subfield code="c">24090</subfield>
    <subfield code="d">24090</subfield>
  </datafield>
  <controlfield tag="001">vtls000460847</controlfield>
  <controlfield tag="005">20251215130532.0</controlfield>
  <controlfield tag="008">120612s20112012xo     g      000 f slo d</controlfield>
  <datafield tag="020" ind1=" " ind2=" ">
    <subfield code="a">9788022215220</subfield>
  </datafield>
  <datafield tag="035" ind1=" " ind2=" ">
    <subfield code="a">a000460847</subfield>
  </datafield>
  <datafield tag="040" ind1=" " ind2=" ">
    <subfield code="a">TTKJF</subfield>
    <subfield code="b">slo</subfield>
    <subfield code="c">UKB</subfield>
    <subfield code="d">PPPK</subfield>
    <subfield code="d">SNK</subfield>
    <subfield code="e">AACR2</subfield>
  </datafield>
  <datafield tag="041" ind1="1" ind2=" ">
    <subfield code="a">slo</subfield>
    <subfield code="h">eng</subfield>
  </datafield>
  <datafield tag="044" ind1=" " ind2=" ">
    <subfield code="a">xo</subfield>
    <subfield code="c">SK</subfield>
  </datafield>
  <datafield tag="072" ind1=" " ind2="7">
    <subfield code="a">821.111-3</subfield>
    <subfield code="x">Anglick&#xE1; pr&#xF3;za, anglicky p&#xED;san&#xE1;</subfield>
    <subfield code="2">konspekt</subfield>
  </datafield>
  <datafield tag="080" ind1=" " ind2=" ">
    <subfield code="a">821.111(410.3)-31</subfield>
    <subfield code="2">2011</subfield>
  </datafield>
  <datafield tag="080" ind1=" " ind2=" ">
    <subfield code="a">(0:82-311.6)</subfield>
    <subfield code="2">2011</subfield>
  </datafield>
  <datafield tag="080" ind1=" " ind2=" ">
    <subfield code="a">(0:82-311.2)</subfield>
    <subfield code="2">2011</subfield>
  </datafield>
  <datafield tag="080" ind1=" " ind2=" ">
    <subfield code="a">(0.038)</subfield>
    <subfield code="2">2011</subfield>
  </datafield>
  <datafield tag="100" ind1="1" ind2=" ">
    <subfield code="a">Follett, Ken,</subfield>
    <subfield code="d">1949-</subfield>
    <subfield code="9">5351</subfield>
  </datafield>
  <datafield tag="240" ind1="1" ind2="0">
    <subfield code="a">World without end.</subfield>
    <subfield code="l">Slovensky</subfield>
  </datafield>
  <datafield tag="245" ind1="1" ind2="0">
    <subfield code="a">Na veky vekov</subfield>
    <subfield code="c">Ken Follett ; [z anglick&#xE9;ho origin&#xE1;lu prelo&#x17E;il J&#xE1;n Kamenist&#xFD;]</subfield>
  </datafield>
  <datafield tag="250" ind1=" " ind2=" ">
    <subfield code="a">1. vyd.</subfield>
  </datafield>
  <datafield tag="260" ind1=" " ind2=" ">
    <subfield code="a">Bratislava</subfield>
    <subfield code="b">Tatran</subfield>
    <subfield code="c">2011</subfield>
  </datafield>
  <datafield tag="300" ind1=" " ind2=" ">
    <subfield code="a">1022 s.</subfield>
  </datafield>
  <datafield tag="490" ind1="1" ind2=" ">
    <subfield code="a">LUK : kni&#x17E;nica svetov&#xFD;ch bestsellerov</subfield>
    <subfield code="v">zv. 86</subfield>
  </datafield>
  <datafield tag="500" ind1=" " ind2=" ">
    <subfield code="a">Pokra&#x10D;. Pilierov zeme</subfield>
  </datafield>
  <datafield tag="655" ind1=" " ind2="7">
    <subfield code="a">walesk&#xE9; rom&#xE1;ny (anglicky)</subfield>
    <subfield code="2">UKBPH</subfield>
    <subfield code="9">5358</subfield>
  </datafield>
  <datafield tag="655" ind1=" " ind2="7">
    <subfield code="a">historick&#xE9; rom&#xE1;ny</subfield>
    <subfield code="2">UKBPH</subfield>
    <subfield code="9">1688</subfield>
  </datafield>
  <datafield tag="655" ind1=" " ind2="7">
    <subfield code="a">realistick&#xE9; rom&#xE1;ny</subfield>
    <subfield code="2">UKBPH</subfield>
    <subfield code="9">5359</subfield>
  </datafield>
  <datafield tag="655" ind1=" " ind2="7">
    <subfield code="a">anglicky p&#xED;san&#xE9; rom&#xE1;ny</subfield>
    <subfield code="2">UKBPH</subfield>
    <subfield code="9">3616</subfield>
  </datafield>
  <datafield tag="700" ind1="1" ind2=" ">
    <subfield code="a">Kamenist&#xFD;, J&#xE1;n,</subfield>
    <subfield code="d">1941-</subfield>
    <subfield code="4">trl</subfield>
    <subfield code="9">5216</subfield>
  </datafield>
  <datafield tag="952" ind1=" " ind2=" ">
    <subfield code="0">0</subfield>
    <subfield code="1">0</subfield>
    <subfield code="2">udc</subfield>
    <subfield code="4">0</subfield>
    <subfield code="7">0</subfield>
    <subfield code="8">K</subfield>
    <subfield code="a">10000</subfield>
    <subfield code="b">10000</subfield>
    <subfield code="d">2025-12-15</subfield>
    <subfield code="g">20.46</subfield>
    <subfield code="i">22459</subfield>
    <subfield code="l">1</subfield>
    <subfield code="o">B10975</subfield>
    <subfield code="p">B10975</subfield>
    <subfield code="r">2026-02-25</subfield>
    <subfield code="s">2026-02-11</subfield>
    <subfield code="w">2025-12-15</subfield>
    <subfield code="y">KLDO</subfield>
  </datafield>
</record>
